000 01575cam a2200409 i 4500
001 19988764
003 OSt
005 20260217094618.0
008 170912s2019 nyua b 001 0 eng
010 _a 2017042238
020 _a9780134672090
_qhbk.
020 _a0134672097
_qhbk.
035 _a19988764
040 _aDLC
_beng
_cDLC
_erda
_dDLC
042 _apcc
050 0 0 _aQA154.3
_b.P74 2019
082 0 0 _a512/.13
_223
100 1 _aDemana, Franklin D.,
_d1938-
_eauthor.
245 1 0 _aPrecalculus :
_bgraphical, numerical, algebraic /
_cFranklin D. Demana, The Ohio State University, Bert K. Waits, The Ohio State University, Gregory D. Foley, Ohio University, Daniel Kennedy, Baylor School, David E. Bock, Ithaca High School.
250 _aTenth edition.
_bAnnotated Teacher's Edition
264 1 _aNew York, New York :
_bPearson,
_c[2019]
300 _axxiv, 938 pages :
_billustrations (chiefly color) ;
_c29 cm
336 _atext
_btxt
_2rdacontent
337 _aunmediated
_bn
_2rdamedia
338 _avolume
_bnc
_2rdacarrier
504 _aIncludes bibliographical references and index.
650 0 _aAlgebra
_vTextbooks.
650 0 _aTrigonometry
_vTextbooks.
650 0 _aPrecalculus
_vTextbooks.
700 1 _aWaits, Bert K.,
_eauthor.
700 1 _aFoley, Gregory D.,
_eauthor.
700 1 _aKennedy, Daniel,
_d1946-
_eauthor.
700 1 _aBock, David E.,
_eauthor.
906 _a7
_bcbc
_corignew
_d1
_eecip
_f20
_gy-gencatlg
942 _2lcc
_cBK
999 _c265896
_d265895